000 00546nam a2200217 a 4500
001 BRCA_4079
005 20190320204534.0
008 160210s1959----uk-#######---#000-0#eng-#
041 _aeng
044 _aUk
050 4 _aPZ4
_b.S65 1959
100 1 _aSmith, Alexander Clark.
_910564
245 1 0 _aThe Speaking eye
_cClark Smith.
260 _aLondres
_bPenguin Books
_c1959
300 _a206 p.
_c18 cm.
440 0 _aPenguin Books
_v1334
_910565
500 _aCEF50
650 1 4 _aNovelas policĂ­acas
_9877
902 _aGFM
942 _2lcc
_cB
999 _c3801
_d3801